Statistics for Top 100 NBA Players 2023

Click here to take the quiz!

General Stats

  • This quiz has been taken 49 times
  • The average score is 71 of 100

Answer Stats

RankTeamPlayer% Correct
9LakersLeBron James
100%
1BucksGiannis Antetokounmpo
98%
2NuggetsNikola Jokic
98%
10LakersAnthony Davis
95%
376ersJoel Embiid
95%
7SunsKevin Durant
95%
5WarriorsStephen Curry
95%
14BucksDamian Lillard
93%
12HeatJimmy Butler
93%
4MavericksLuka Doncic
93%
11SunsDevin Booker
90%
6CelticsJayson Tatum
90%
20TimberwolvesKarl-Anthony Towns
90%
8ThunderShai Gilgeous-Alexander
90%
23KingsDe'Aaron Fox
88%
15CavaliersDonovan Mitchell
88%
19CelticsJaylen Brown
88%
24ClippersKawhi Leonard
88%
48HornetsLaMelo Ball
88%
18ClippersPaul George
88%
13TimberwolvesAnthony Edwards
86%
16HeatBam Adebayo
86%
17NuggetsJamal Murray
86%
41WarriorsKlay Thompson
86%
34MavericksKyrie Irving
86%
25RaptorsPascal Siakam
86%
29HawksTrae Young
86%
21PacersTyrese Haliburton
86%
38BullsZach LaVine
86%
60HawksDejounte Murray
83%
22KingsDomantas Sabonis
83%
46BucksKhris Middleton
83%
39BullsDeMar DeRozan
81%
26CelticsJrue Holiday
81%
28JazzLauri Markkanen
81%
37SunsBradley Beal
79%
76WarriorsChris Paul
79%
36CavaliersDarius Garland
79%
55WarriorsDraymond Green
79%
97MavericksGrant Williams
79%
95ThunderJalen Williams
79%
4376ersJames Harden
79%
35GrizzliesJa Morant
79%
89BlazersRobert Williams III
79%
57PelicansZion Williamson
79%
51NuggetsAaron Gordon
76%
27PelicansBrandon Ingram
76%
80RocketsJalen Green
76%
45KnicksJulius Randle
76%
30MagicPaolo Banchero
76%
47SpursVictor Wembanyama
76%
32KnicksJalen Brunson
74%
54WarriorsAndrew Wiggins
71%
31GrizzliesJaren Jackson Jr.
71%
72WizardsJordan Poole
71%
62CelticsKristaps Porzingis
71%
75BullsNikola Vucevic
71%
4276ersTyrese Maxey
71%
69BucksBrook Lopez
69%
74PistonsCade Cunningham
69%
56RocketsFred VanVleet
67%
68NuggetsMichael Porter Jr.
67%
33NetsMikal Bridges
67%
64TimberwolvesRudy Gobert
67%
94ClippersRussell Westbrook
67%
79HeatTyler Herro
64%
66LakersAustin Reaves
62%
40CavaliersEvan Mobley
62%
50CavaliersJarrett Allen
62%
8376ersTobias Harris
62%
73ThunderChet Holmgren
60%
44PelicansCJ McCollum
60%
49BlazersDeandre Ayton
60%
86WizardsKyle Kuzma
60%
63RaptorsScottie Barnes
60%
85BlazersAnfernee Simons
57%
52MagicFranz Wagner
57%
96KingsHarrison Barnes
57%
84HawksClint Capela
55%
53ThunderJosh Giddey
55%
59GrizzliesMarcus Smart
55%
61GrizzliesDesmond Bane
52%
88WarriorsKevon Looney
52%
65PacersMyles Turner
52%
78BlazersScoot Henderson
52%
82NetsCameron Johnson
50%
100KnicksMitchell Robinson
50%
67RaptorsOG Anunoby
50%
71KnicksRJ Barrett
50%
87PacersBuddy Hield
45%
99PelicansJonas Valanciunas
45%
77JazzJordan Clarkson
45%
81BucksBobby Portis
43%
58BlazersJerami Grant
40%
90JazzJohn Collins
40%
98JazzCollin Sexton
38%
93TimberwolvesMike Conley
33%
91KnicksJosh Hart
31%
92KnicksImmanuel Quickley
29%
70JazzWalker Kessler
26%

Score Distribution

Percentile by Number Answered

Percent of People with Each Score

Your Score History

You have not taken this quiz